Partial differential equations and boundary value problems with applications
Zapisane w:
| 1. autor: | |
|---|---|
| Format: | Książka |
| Język: | Undetermined |
| Wydane: |
Boston, MA
McGraw-Hill
1998
|
| Hasła przedmiotowe: | |
| Etykiety: |
Dodaj etykietę
Nie ma etykietki, Dołącz pierwszą etykiete!
|
| Thư viện lưu trữ: | Trung tâm Học liệu Trường Đại học Cần Thơ |
|---|
| LEADER | 00583nam a2200193Ia 4500 | ||
|---|---|---|---|
| 001 | CTU_61488 | ||
| 008 | 210402s9999 xx 000 0 und d | ||
| 020 | |c 263000 | ||
| 082 | |a 515.353 | ||
| 082 | |b P658 | ||
| 100 | |a Pinsky, Mark A. | ||
| 245 | 0 | |a Partial differential equations and boundary value problems with applications | |
| 245 | 0 | |c Mark A. Pinsky | |
| 260 | |a Boston, MA | ||
| 260 | |b McGraw-Hill | ||
| 260 | |c 1998 | ||
| 650 | |a Differential equations, partial,Boundary value problems | ||
| 904 | |i Minh,Hải | ||
| 980 | |a Trung tâm Học liệu Trường Đại học Cần Thơ | ||